00446 2200157 4500001002100000005001700021035002500038090001400063100001900077245008300096260004200179300002000221650002000241850001200261990001500273YOGYA00000000000482920150423084411.0 a0010-081400000004547 a813 Kel R aKELANA, Pandir aRintihan Burung Kedasih: Sebuah Roman Revolusi 45 1948/49coleh Kelana, Pandir aJakartabGramedia Pustaka Utamac1992 a404 hlm.c18 cm aFiksi Indonesia aYOPDYOG a86463-P/96